000 00302 a2200109 4500
001 ART_42020
005 20260410161815.0
008 260409a
245 1 0 _aLos oficios del jurista
100 1 _aBinder, Alberto M.
773 0 _tAcademia
_g- Año 3, Nº 5 (mar./jun. 2005)
_wREV4314
999 _c21810
_d21810